000 00541nam a2200205Ia 4500
003 OSt
005 20220926040846.0
006 a|||||r|||| 00| 0
007 ta
008 220923b |||||||| |||| 00| 0 eng d
037 _cGeneral Book
040 _aRTL
_cRTL
_beng
041 _2eng
_aeng
082 _aX:75.73.N4z7, H5
100 _aHarris Seymour E Ed.
_9116993
245 0 _aEconomic reconstruction.
260 _c1945
942 _hX:75.73.N4z7, H5
_cGB
_2CC
999 _c665851
_d665851